The Playboy report on American men : a survey and analysis of the views of American men in their prime years ... /

Bibliographic Details
Corporate Author: Louis Harris and Associates
Other Authors: Simon, William, 1930-2000
Format: Book
Language:English
Published: [Place of publication not identified] : Playboy, ©1979.
[Place of publication not identified] : [Playboy], [1979]
Subjects:

MARC

Tag First Indicator Second Indicator Subfields
LEADER 00000cam a2200000 a 4500
001 in00000070685
005 20151008061847.0
008 850322s1979 xx a 000 0 eng d
019 |a 5205646  |a 13600544  |a 16691974 
035 |a (OCoLC)13248191 
040 |a MNU  |b eng  |c MNU  |d MDB  |d OCL  |d OCLCQ  |d OCLCF  |d OCLCQ  |d OCLCO  |d OCLCQ  |d OCLCO  |d VNN  |d OCLCO 
043 |a n-us--- 
049 |a TXAM 
050 4 |a HQ1090  |b .P5 
060 4 |a BF 692.5 P722 1977 
082 0 4 |a 305.30973  |b P722 
090 |a HQ1090  |b .P5 
245 0 4 |a The Playboy report on American men :  |b a survey and analysis of the views of American men in their prime years ... /  |c poll conducted by Louis Harris and Associates [for Playboy Enterprises, Inc.] ; analysis and interpretation by William Simon and Patricia Y. Miller. 
260 |a [Place of publication not identified] :  |b Playboy,  |c ©1979. 
264 1 |a [Place of publication not identified] :  |b [Playboy],  |c [1979] 
264 4 |c ©1979 
300 |a 59 pages :  |b graphs ;  |c 28 cm 
336 |a text  |b txt  |2 rdacontent 
337 |a unmediated  |b n  |2 rdamedia 
338 |a volume  |b nc  |2 rdacarrier 
500 |a On cover: A study of the values, attitudes and goals of U.S. males 18-49 years old. 
650 0 |a Men  |z United States  |x Attitudes. 
651 7 |a United States.  |2 fast  |0 (OCoLC)fst01204155 
700 1 |a Simon, William,  |d 1930-2000. 
710 2 |a Louis Harris and Associates. 
776 0 8 |i Online version:  |t Playboy report on American men.  |d [Place of publication not identified] : Playboy, ©1979  |w (OCoLC)987961107 
999 |a MARS 
999 f f |s 3b3e699b-1b27-3389-b8b9-92381d21d2c9  |i 2a4169c7-8c50-33fe-99c9-0c25b16cf5ec  |t 0 
952 f f |p ric  |a Texas A&M University  |b Rellis Campus  |c Joint Library Facility  |s JLF  |d Remote Storage  |t 0  |e HQ1090 .P5  |h Library of Congress classification  |i unmediated -- volume  |m A14806143023